The art of public speaking (Record no. 9143)

MARC details
000 -LEADER
fixed length control field 00478cam a2200193ua 4500
008 - FIXED-LENGTH DATA ELEMENTS--GENERAL INFORMATION
fixed length control field 170412n ii |||gr||||Z||||||eng
020 ## - INTERNATIONAL STANDARD BOOK NUMBER
International Standard Book Number 8186332375
040 ## - CATALOGING SOURCE
Transcribing agency MAIN
041 ## - LANGUAGE CODE
-- eng
082 ## - DEWEY DECIMAL CLASSIFICATION NUMBER
Classification number 808.51
100 ## - MAIN ENTRY--PERSONAL NAME
Personal name Kishore, B.R.,
Relator term
245 ## - TITLE STATEMENT
Title The art of public speaking
Statement of responsibility, etc. By B.R. Kishore
260 ## - PUBLICATION, DISTRIBUTION, ETC.
Place of publication, distribution, etc. New Delhi:
Name of publisher, distributor, etc. New light publishers.
300 ## - PHYSICAL DESCRIPTION
Extent 188p.
942 ## - ADDED ENTRY ELEMENTS (KOHA)
Koha item type Books
653 ## - INDEX TERM--UNCONTROLLED
Uncontrolled term Rhetoric & collections of literature
653 ## - INDEX TERM--UNCONTROLLED
Uncontrolled term MAIN
Holdings
Withdrawn status Lost status Damaged status Not for loan Home library Current library Shelving location Date acquired Total Checkouts Full call number Barcode Date last seen Date last checked out Copy number Price effective from Koha item type
        Central Library, Naharkatiya College Central Library, Naharkatiya College General Stacks 19/09/2020 1 808.51 | KIS 15608 12/04/2022 11/02/2022 1 19/09/2020 Books

Naharkatiya College © 2020. All rights reserved.

Powered By